Carpentry and joinery

Bibliographic Details
Main Author: Porter, Brian 1938- (Author)
Format: Book
Published: London Edward Arnold 1984
Subjects:

MARC

LEADER 00000cam a2200000 7i4500
001 0000000303
008 021118n
020 |a 0713134801 
090 0 0 |a TH5606  |b .P6 (j2) 
100 0 |a Porter, Brian  |d 1938-  |e author 
245 0 0 |a Carpentry and joinery   |c Brian Porter 
260 2 |a London   |b Edward Arnold  |c 1984 
300 |a v. 2 : ix, 294 p. ;  |c 22 cm. 
650 0 |a Carpentry 
650 0 |a Joinery 
999 |a 1000035616  |b Book  |c OPEN SHELF (30 DAYS)  |e Gong Badak Campus